000 00404nam a22001217a 4500
999 _c9397
_d9397
003 OSt
008 201203b ||||| |||| 00| 0 eng d
245 _aAsian Textile Journal
250 _a2014( Jul Vol.23 No.7, Aug Vol.23 No.8, Sep Vol.23 No.9, Oct Vol.23 No.10, Nov Vol.23 No.11, Dec Vol.23 No.12 )
260 _aMumbai
_bSB Dyesprings [INDIA] Pvt. Ltd.
650 _aTextile Engineering
942 _2ddc
_cBV